HBase: The Definitive Guide (Record no. 8467)

MARC details
000 -LEADER
fixed length control field 00384nam a22001217a 4500
008 - FIXED-LENGTH DATA ELEMENTS--GENERAL INFORMATION
fixed length control field 200219b ||||| |||| 00| 0 eng d
020 ## - INTERNATIONAL STANDARD BOOK NUMBER
International Standard Book Number 9789350235034
082 ## -
Classification number 005.133 GEH
100 ## - MAIN ENTRY--PERSONAL NAME
Personal name GEORGE, Lars
245 ## - TITLE STATEMENT
Title HBase: The Definitive Guide
Remainder of title Random Access to Your Planet-Size Data
Medium English
Form Dimensions: 24 x 18 x 1 cm
250 ## - EDITION STATEMENT
Edition statement First edition
Remainder of edition statement 2011
260 ## - PUBLICATION, DISTRIBUTION, ETC. (IMPRINT)
Place of publication, distribution, etc New Delhi
Name of publisher, distributor, etc Shroff
Holdings
Withdrawn status Lost status Source of classification or shelving scheme Damaged status Koha normalized classification for sorting Not for loan Koha collection Location (home branch) Sublocation or collection (holding branch) Date acquired Source of acquisition Currency Cost, normal purchase price Bill Number Koha issues (times borrowed) Koha full call number Piece designation (barcode) Koha date last seen Copy number Actual Cost, discounted price Bill Date Koha item type
    Dewey Decimal Classification   005_133000000000000_GEH   B.Tech(CSE) PIET C-LIBRARY PIET C-LIBRARY 19/02/2020 KIRTI PRAKASHAN NEW DELHI IN Rupees 1100.00 IN5960   005.133 GEH 31643 19/02/2020 1 814.00 03/01/2020 Reference Books

Design & Developed by: PIET Central Library
R70 Miles Stone Pattikalyana Samalkha Panipat 132102
mail ID :- [email protected], Phone No:- 0180-2569700 Ex.216